00289nam a2200121Ia 4500008004100000020001800041100001800059245003800077250000800115260002800123300000800151650000800159191201s2010 xx 000 0 und d a9789332542525 aMORRISMANO, M 0aDigital Logic and Computer Design aRev c2010bPearsonaN. Delhi a612 aMCA